[Event "Saltwater sim"]
[Site "Saltwater"]
[Date "2004.02.14"]
[Round "19"]
[White "Polgar, Zsuzsa"]
[Black "Berry, Jim"]
[Result "1-0"]
[WhiteElo "2557"]
[BlackElo "2000"]
[PlyCount "91"]
[EventDate "2004.02.14"]
[EventType "simul (rapid)"]
[EventRounds "19"]
[EventCountry "USA"]
[Source "ChessBase"]
[SourceDate "2005.11.24"]

1. d4 e6 2. Nf3 b6 3. e4 Bb7 4. Bd3 Ne7 5. O-O Ng6 6. Re1 Be7 7. Nc3 O-O 8. d5
e5 9. Ne2 d6 10. Ng3 Nd7 11. Nf5 Bf6 12. c4 Nc5 13. Bc2 a5 14. b3 Qd7 15. h4
Ne7 16. Ng3 Qg4 17. h5 g6 18. h6 Rad8 19. a3 Na6 20. Bd2 c5 21. dxc6 Nxc6 22.
Be3 Nc5 23. Qd2 Qe6 24. b4 Nd7 25. Bb3 b5 26. Rac1 axb4 27. axb4 Ndb8 28. Ba2
bxc4 29. Bxc4 Qd7 30. Bb6 Rc8 31. Red1 Be7 32. Ng5 d5 33. Bxd5 Bxb4 34. Qe3 Nd4
35. Bxd4 Rxc1 36. Rxc1 Bxd5 37. exd5 exd4 38. Qxd4 f6 39. Ne6 Na6 40. Nxf8 Bxf8
41. Qxf6 Bxh6 42. Ra1 Nc7 43. d6 Bg7 44. dxc7 Bxf6 45. Ra8+ Kf7 46. c8=Q 1-0

[Event "Saltwater sim"]
[Site "Saltwater"]
[Date "2004.02.14"]
[Round "19"]
[White "Polgar, Zsuzsa"]
[Black "Dennison, Jerry"]
[Result "1-0"]
[WhiteElo "2557"]
[BlackElo "1750"]
[PlyCount "65"]
[EventDate "2004.02.14"]
[EventType "simul (rapid)"]
[EventRounds "19"]
[EventCountry "USA"]
[Source "ChessBase"]
[SourceDate "2005.11.24"]

1. e4 c5 2. Nf3 e6 3. d3 Nc6 4. g3 d6 5. Bg2 Nf6 6. O-O g6 7. Nbd2 Bg7 8. c3
Rb8 9. d4 cxd4 10. cxd4 O-O 11. b3 e5 12. d5 Nxd5 13. exd5 e4 14. Nxe4 Bxa1 15.
dxc6 Bg7 16. cxb7 Bxb7 17. Nxd6 Qa5 18. Nxb7 Rxb7 19. Qd2 Bc3 20. Qe2 Rbb8 21.
Be3 Rfe8 22. Rd1 Qf5 23. Nd4 Bxd4 24. Rxd4 Rbc8 25. Qd3 Qa5 26. Ra4 Qe1+ 27.
Bf1 Rcd8 28. Qe2 Qc3 29. Rxa7 Re6 30. Qc4 Qe5 31. Qf4 Qxf4 32. Bxf4 Kg7 33. Bc4
1-0

[Event "Saltwater sim"]
[Site "Saltwater"]
[Date "2004.02.14"]
[Round "19"]
[White "Polgar, Zsuzsa"]
[Black "Ferguson, Jake"]
[Result "1-0"]
[WhiteElo "2557"]
[BlackElo "1800"]
[PlyCount "63"]
[EventDate "2004.02.14"]
[EventType "simul (rapid)"]
[EventRounds "19"]
[EventCountry "USA"]
[Source "ChessBase"]
[SourceDate "2005.11.24"]

1. d4 Nf6 2. c4 c5 3. d5 e6 4. Nc3 exd5 5. cxd5 d6 6. Nf3 g6 7. Bf4 Bg7 8. e4
O-O 9. Nd2 Re8 10. Be2 a6 11. a4 Qe7 12. O-O Nbd7 13. h3 Ne5 14. Bh2 g5 15.
Bxe5 Qxe5 16. Nc4 Qe7 17. e5 dxe5 18. Nb6 Rb8 19. d6 Qd8 20. a5 Bf8 21. Qd2 Nd7
22. Ne4 Nxb6 23. axb6 Bf5 24. Bf3 Bxe4 25. Bxe4 Qxd6 26. Qxg5+ Bg7 27. Rad1
Qxb6 28. Rd7 Qf6 29. Qh5 h6 30. Rfd1 Red8 31. R1d6 Qxd6 32. Qxf7+ 1-0

[Event "Saltwater sim"]
[Site "Saltwater"]
[Date "2004.02.14"]
[Round "19"]
[White "Polgar, Zsuzsa"]
[Black "Glascock, Dennis G"]
[Result "1-0"]
[WhiteElo "2557"]
[BlackElo "1900"]
[PlyCount "59"]
[EventDate "2004.02.14"]
[EventType "simul (rapid)"]
[EventRounds "19"]
[EventCountry "USA"]
[Source "ChessBase"]
[SourceDate "2005.11.24"]

1. Nf3 Nf6 2. d4 d5 3. c4 e6 4. Nc3 c5 5. cxd5 exd5 6. g3 Nc6 7. Bg2 h6 8. O-O
Bg4 9. Ne5 cxd4 10. Nxg4 dxc3 11. Nxf6+ Qxf6 12. bxc3 Qxc3 13. Rb1 Rd8 14. Rxb7
Qc4 15. Bb2 Qxa2 16. Qc1 Qa6 17. Rc7 Rc8 18. Rxc8+ Qxc8 19. Bxd5 Ne7 20. Qe3
Qc2 21. Rc1 Qxb2 22. Bc6+ Kd8 23. Qd3+ Kc7 24. Qd7+ Kb8 25. Qd6+ Kc8 26. Bd7+
Kb7 27. Rc7+ Ka8 28. Bc6+ Nxc6 29. Qxc6+ Kb8 30. Rc8# 1-0

[Event "Saltwater sim"]
[Site "Saltwater"]
[Date "2004.02.14"]
[Round "19"]
[White "Polgar, Zsuzsa"]
[Black "Hulsey, Mark A"]
[Result "1-0"]
[WhiteElo "2557"]
[BlackElo "2300"]
[PlyCount "89"]
[EventDate "2004.02.14"]
[EventType "simul (rapid)"]
[EventRounds "19"]
[EventCountry "USA"]
[Source "ChessBase"]
[SourceDate "2005.11.24"]

1. Nf3 d6 2. d4 Nf6 3. c4 g6 4. g3 Bg7 5. Bg2 O-O 6. O-O Nc6 7. Nc3 Bf5 8. d5
Na5 9. Nd4 Bd7 10. b3 c5 11. dxc6 Nxc6 12. Bb2 Qa5 13. e3 Rac8 14. Rc1 Bg4 15.
f3 Nxd4 16. exd4 Bf5 17. d5 Bh6 18. Ra1 a6 19. a4 Qc5+ 20. Kh1 Be3 21. a5 Qd4
22. Re1 Rc7 23. Qe2 Qd2 24. g4 Bc8 25. Qxe3 Qxb2 26. Na4 Nxg4 27. Nxb2 Nxe3 28.
Rxe3 Kg7 29. Rae1 Kf6 30. Nd3 Bf5 31. Nb2 g5 32. Na4 Rg8 33. h3 Rg6 34. Nb6 Rh6
35. Kh2 Rh4 36. Kg3 Rd4 37. b4 Rd2 38. R1e2 Rd1 39. Rb2 Ra1 40. Rc3 Ke5 41. c5
Kd4 42. Rc4+ Ke5 43. Re2+ Kf6 44. cxd6 Rxc4 45. dxe7 1-0

[Event "Saltwater sim"]
[Site "Saltwater"]
[Date "2004.02.14"]
[Round "19"]
[White "Polgar, Zsuzsa"]
[Black "Patel, Nita"]
[Result "1-0"]
[WhiteElo "2557"]
[BlackElo "1366"]
[PlyCount "21"]
[EventDate "2004.02.14"]
[EventType "simul (rapid)"]
[EventRounds "19"]
[EventCountry "USA"]
[Source "ChessBase"]
[SourceDate "2005.11.24"]

1. e4 e5 2. Nf3 Nf6 3. Nxe5 Bd6 4. d4 Nxe4 5. Bd3 Bxe5 6. dxe5 Nc5 7. Bc4 Nc6
8. O-O Nxe5 9. Re1 O-O 10. Rxe5 d6 11. Re3 1-0

[Event "Saltwater sim"]
[Site "Saltwater"]
[Date "2004.02.14"]
[Round "19"]
[White "Polgar, Zsuzsa"]
[Black "Relyea, F Alexander"]
[Result "1-0"]
[WhiteElo "2557"]
[BlackElo "1800"]
[PlyCount "81"]
[EventDate "2004.02.14"]
[EventType "simul (rapid)"]
[EventRounds "19"]
[EventCountry "USA"]
[Source "ChessBase"]
[SourceDate "2005.11.24"]

1. e4 e6 2. d4 d5 3. exd5 exd5 4. Bd3 Bd6 5. Nf3 Ne7 6. O-O O-O 7. c4 c6 8. Nc3
Bf5 9. cxd5 cxd5 10. Bg5 Bxd3 11. Qxd3 Qa5 12. Nb5 Qa6 13. Qb3 Qc6 14. Rac1 Qd7
15. Nxd6 Qxd6 16. Qxb7 Nbc6 17. Bxe7 Nxe7 18. Qc7 Qf6 19. Qe5 Qe6 20. Qxe6 fxe6
21. Rfe1 Rf6 22. Rc7 Nf5 23. Rec1 a5 24. Rb7 Rf7 25. Rxf7 Kxf7 26. Rc7+ Kf6 27.
g4 Nd6 28. g5+ Kg6 29. h4 Nf5 30. Rc6 Kf7 31. h5 a4 32. Rc7+ Kg8 33. Rb7 Rc8
34. g6 hxg6 35. hxg6 Kf8 36. b3 axb3 37. axb3 Rc3 38. Kg2 Rd3 39. Ne5 Rxd4 40.
Rb8+ Ke7 41. Nc6+ 1-0

[Event "Saltwater sim"]
[Site "Saltwater"]
[Date "2004.02.14"]
[Round "19"]
[White "Polgar, Zsuzsa"]
[Black "Sawyer, Destiny"]
[Result "1-0"]
[WhiteElo "2557"]
[BlackElo "1450"]
[PlyCount "47"]
[EventDate "2004.02.14"]
[EventType "simul (rapid)"]
[EventRounds "19"]
[EventCountry "USA"]
[Source "ChessBase"]
[SourceDate "2005.11.24"]

1. e4 e5 2. Nf3 Nc6 3. d4 exd4 4. Nxd4 Qf6 5. Nxc6 Bc5 6. Qd2 dxc6 7. Nc3 Be6
8. Na4 Rd8 9. Bd3 Bd6 10. Nc3 Qg6 11. f4 f5 12. O-O Nf6 13. Qe2 fxe4 14. Nxe4
Nxe4 15. Bxe4 Bc5+ 16. Kh1 Qg4 17. Bf3 Qf5 18. g4 Qf6 19. f5 O-O 20. Qxe6+ Qxe6
21. fxe6 Rd6 22. Bg5 Rxe6 23. Kg2 h6 24. Bd2 1-0

[Event "Saltwater sim"]
[Site "Saltwater"]
[Date "2004.02.14"]
[Round "19"]
[White "Polgar, Zsuzsa"]
[Black "Sluch, Ilya"]
[Result "1-0"]
[WhiteElo "2557"]
[BlackElo "1350"]
[PlyCount "33"]
[EventDate "2004.02.14"]
[EventType "simul (rapid)"]
[EventRounds "19"]
[EventCountry "USA"]
[Source "ChessBase"]
[SourceDate "2005.11.24"]

1. d4 Nf6 2. Nf3 d5 3. c4 e6 4. Nc3 Be7 5. Bg5 O-O 6. e3 c6 7. Bd3 dxc4 8. Bxc4
b5 9. Bd3 Nbd7 10. O-O b4 11. Na4 e5 12. Rc1 Bb7 13. Qc2 Nd5 14. Bxe7 Qxe7 15.
Nc5 Nxc5 16. Qxc5 f5 17. Nxe5 1-0

[Event "Saltwater sim"]
[Site "Saltwater"]
[Date "2004.02.14"]
[Round "19"]
[White "Polgar, Zsuzsa"]
[Black "Stegall, Philip"]
[Result "1-0"]
[WhiteElo "2557"]
[BlackElo "1300"]
[PlyCount "91"]
[EventDate "2004.02.14"]
[EventType "simul (rapid)"]
[EventRounds "19"]
[EventCountry "USA"]
[Source "ChessBase"]
[SourceDate "2005.11.24"]

1. e4 c5 2. Nf3 d6 3. d4 cxd4 4. Nxd4 Nc6 5. Nc3 e5 6. Nf3 a6 7. Bc4 Bg4 8. h3
Bh5 9. Be3 Be7 10. Nd5 b5 11. Bb6 Qc8 12. Nc7+ Kf8 13. Nxa8 Qxa8 14. Bd5 Qc8
15. O-O Nf6 16. c3 Kg8 17. Be3 h6 18. a4 Kh7 19. axb5 axb5 20. Kh1 Rf8 21. Rg1
Kg8 22. g4 Bg6 23. Nd2 h5 24. f3 b4 25. c4 Qd7 26. Qa4 Rc8 27. Qb5 Nb8 28. Qxd7
Nbxd7 29. Ra8 Rxa8 30. Bxa8 Nc5 31. Bxc5 dxc5 32. Kg2 Bd8 33. Ra1 Nd7 34. Bd5
Bh4 35. Nb3 Bg5 36. Ra7 Nf6 37. Nxc5 Nxd5 38. cxd5 Be3 39. Ra8+ Kh7 40. Nd7 f6
41. Nf8+ Kh6 42. Nxg6 Kxg6 43. d6 Bb6 44. d7 Kf7 45. d8=Q Bxd8 46. Rxd8 1-0

[Event "Saltwater sim"]
[Site "Saltwater"]
[Date "2004.02.14"]
[Round "19"]
[White "Polgar, Zsuzsa"]
[Black "Tobiason, Tim"]
[Result "1-0"]
[WhiteElo "2557"]
[BlackElo "1700"]
[PlyCount "87"]
[EventDate "2004.02.14"]
[EventType "simul (rapid)"]
[EventRounds "19"]
[EventCountry "USA"]
[Source "ChessBase"]
[SourceDate "2005.11.24"]

1. Nf3 Nf6 2. c4 b6 3. d4 Bb7 4. e3 e6 5. Bd3 Bb4+ 6. Nbd2 Be4 7. Bxe4 Nxe4 8.
a3 Bxd2+ 9. Nxd2 Nxd2 10. Bxd2 Qg5 11. O-O Nc6 12. d5 exd5 13. e4 Qg6 14. exd5
Nd4 15. Bc3 Nf5 16. Re1+ Kd8 17. Qf3 d6 18. b4 Kd7 19. Re4 Rae8 20. Rg4 Qh5 21.
Rf4 Qxf3 22. Rxf3 Nh4 23. Rf4 Ng6 24. Rxf7+ Re7 25. Rxe7+ Nxe7 26. Bxg7 Rg8 27.
Bf6 Rg4 28. Bxe7 Kxe7 29. Rc1 Rd4 30. g3 Rd3 31. Re1+ Kf6 32. Re3 Rd1+ 33. Kg2
Rc1 34. Re4 Kf5 35. Rf4+ Ke5 36. h4 h5 37. b5 Rc3 38. a4 Ra3 39. Rf7 Rxa4 40.
Rxc7 Kd4 41. g4 a5 42. gxh5 Rxc4 43. Rxc4+ Kxc4 44. h6 1-0

[Event "Saltwater sim"]
[Site "Saltwater"]
[Date "2004.02.14"]
[Round "19"]
[White "Polgar, Zsuzsa"]
[Black "Wharry, Stephen M"]
[Result "1-0"]
[WhiteElo "2557"]
[BlackElo "1900"]
[PlyCount "31"]
[EventDate "2004.02.14"]
[EventType "simul (rapid)"]
[EventRounds "19"]
[EventCountry "USA"]
[Source "ChessBase"]
[SourceDate "2005.11.24"]

1. d4 Nf6 2. Nf3 e6 3. e3 b6 4. Bd3 Bb7 5. O-O Be7 6. c4 O-O 7. Nc3 c5 8. d5 d6
9. e4 Nbd7 10. dxe6 fxe6 11. Ng5 Re8 12. Nxe6 Qc8 13. Nd5 Nf8 14. Nxf8 Bxd5 15.
Nxh7 Bxe4 16. Nxf6+ 1-0

[Event "Saltwater sim"]
[Site "Saltwater"]
[Date "2004.02.14"]
[Round "19"]
[White "Polgar, Zsuzsa"]
[Black "Winters, Jason Dwight"]
[Result "1-0"]
[WhiteElo "2557"]
[BlackElo "1500"]
[PlyCount "49"]
[EventDate "2004.02.14"]
[EventType "simul (rapid)"]
[EventRounds "19"]
[EventCountry "USA"]
[Source "ChessBase"]
[SourceDate "2005.11.24"]

1. e4 e5 2. Nf3 Nc6 3. d4 exd4 4. Nxd4 Bc5 5. Nxc6 bxc6 6. Bc4 Nf6 7. Nc3 O-O
8. O-O d6 9. Bg5 Be6 10. Bxe6 fxe6 11. e5 dxe5 12. Qe2 Qd6 13. Bxf6 gxf6 14.
Ne4 Qe7 15. Qc4 Bd6 16. Qxc6 Rab8 17. b3 Rb6 18. Qc3 Qg7 19. Rad1 Qe7 20. Qa5
a6 21. c4 Bb4 22. Qa4 Rd8 23. c5 Rd4 24. Rxd4 exd4 25. cxb6 1-0

[Event "Calvia ol (Women)"]
[Site "Mallorca"]
[Date "2004.10.16"]
[Round "2.1"]
[White "Polgar, Zsuzsa"]
[Black "Cmilyte, Viktorija"]
[Result "1/2-1/2"]
[WhiteElo "2567"]
[BlackElo "2442"]
[PlyCount "98"]
[EventDate "2004.10.15"]
[EventType "team-swiss"]
[EventRounds "14"]
[EventCountry "ESP"]
[Source "ChessBase"]
[SourceDate "2004.11.03"]
[WhiteTeam "US of America"]
[BlackTeam "Lithuania"]
[WhiteTeamCountry "USA"]
[BlackTeamCountry "LTU"]

1. Nf3 Nf6 2. c4 e6 3. g3 c5 4. Nc3 b6 5. Bg2 Bb7 6. O-O Be7 7. Re1 d5 8. cxd5
exd5 9. d4 O-O 10. b3 Ne4 11. Bb2 Nc6 12. dxc5 Bxc5 13. e3 Bb4 14. Qd3 Qf6 15.
Na4 Qf5 16. Red1 Rfd8 17. Rac1 Bf8 18. a3 Rd6 19. Qe2 Re8 20. Nc3 Rdd8 21. Nb5
Qd7 22. Nbd4 Na5 23. Nd2 Nc5 24. b4 Ba6 25. b5 Bb7 26. Bc3 Ne6 27. Qg4 Nxd4 28.
Qxd4 Qxb5 29. Rb1 Qd7 30. Bxa5 bxa5 31. Qxa7 Bc6 32. Qxa5 Ra8 33. Qb6 Rxa3 34.
Nf3 Ba8 35. Nd4 Rc8 36. Rdc1 g6 37. h4 Rac3 38. Rxc3 Rxc3 39. Kh2 h5 40. Qa5
Ra3 41. Qb6 Ra2 42. Qf6 Qd6 43. Qxd6 Bxd6 44. Kg1 Kg7 45. Nb5 Be5 46. Rd1 Ra5
47. Bxd5 Rxb5 48. Bxa8 Ra5 49. Bd5 Ra1 1/2-1/2

[Event "Calvia ol (Women)"]
[Site "Mallorca"]
[Date "2004.10.17"]
[Round "3.5"]
[White "Polgar, Zsuzsa"]
[Black "Muzychuk, Anna"]
[Result "1/2-1/2"]
[WhiteElo "2567"]
[BlackElo "2383"]
[Annotator "Ramirez Alvarez"]
[PlyCount "102"]
[EventDate "2004.10.15"]
[EventType "team-swiss"]
[EventRounds "14"]
[EventCountry "ESP"]
[Source "ChessBase"]
[SourceDate "2004.11.03"]
[WhiteTeam "US of America"]
[BlackTeam "Slovenia"]
[WhiteTeamCountry "USA"]
[BlackTeamCountry "SLO"]

1. e4 c5 2. Nf3 e6 {It is nice to see a talented young player play something
that isn't the Petroff, the Sveshnikov or the Dragon.} 3. d3 {Polgar tries to
deviate from a normal Sicilian, but Muzychuk I believe feels quite at home
traveling in little known waters, as her game with Stefanova sais.} Nc6 4. g3
g6 5. Bg2 Bg7 6. O-O d6 {A Kings Indian Attack, that looks more like a closed
Sicilian, since h4, Re1, Nbd2-f1 will never happen.} 7. c3 {Dual purpose,
white prepares d4 or b4.  Most KIA players would chose normal Re1 and follow
up with the plan laid before.} e5 8. a3 {White goes for a break on b4, as if
she was playing in a Rossolimmo or something like that.} Nge7 9. b4 O-O 10. b5
$6 {I find this rather doubtful, the knight has good reasons to redeploy, and
white is just forcing it to do so, taking off the pressure over blacks center
along the way.} (10. Be3 b6 (10... f5 $5 11. bxc5 f4 12. gxf4 exf4 13. cxd6 $13
) 11. Nbd2 f5 12. exf5 gxf5 13. Bg5 $13) 10... Nb8 11. Be3 a6 $1 {White gains
time for her development, bringing the a8 rook to live, white has no real
choice but to take this pawn.} 12. bxa6 Rxa6 13. d4 {Polgar decides to break
up the center, but the results will not be favourable to her.} exd4 14. cxd4
Nbc6 $1 {Correct!  The knight goes back to its old post, and whites slight
underdevelopment could be dangerous with her centre so exposed.} (14... Bg4 $5
{Also seemed good.} 15. Ra2 Qb6 16. dxc5 dxc5 17. Qc2 Nd7 18. Nbd2 Qc6 $11) 15.
Ra2 cxd4 $1 16. Nxd4 Ne5 {Blacks knight has found a very comfortable square on
e5, eyeing g4, c4, and d3.  Her isolated pawn is barely noticed, and as modern
strategy sais, her activity is much more important then structure at this
juncture of the game.} 17. Bg5 $6 {A waste of tempo, white gains no benefit
from h6, or from placing her bishop on f4.} (17. Nc3 Nc4 $1 (17... Bg4 18. Qb3
Rb6 19. Qc2 $13) 18. Bf4 Qb6 19. Ncb5 Bd7 $13) 17... h6 18. Bf4 Bg4 {This on
the other hand is good, since f3 will bury the f3 bishop!} 19. f3 (19. Qd2 Ra4
$1 {[%cal Ga4d4]} 20. Nb5 Be6 21. N1c3 Ra5 22. Raa1 Nc4 $15) 19... Bd7 20. Kh1
Ba4 21. Qe2 N7c6 {Black has simply a superior game, starting by the fact that
all of her pieces are out, while whites knight is still doing nothing.} 22.
Nxc6 Rxc6 23. Rc1 Rxc1+ 24. Bxc1 Qb6 25. Nc3 Rc8 {Now it is the rooks that
dont look so equal!} 26. Be3 Qb3 27. Nxa4 Qxa4 28. h4 Rc3 {Despite whites pair
of bishops, it is almost obvious that black is better.  Whites bishop on g2 is
out of play, and white is not hittin ANYTHING.  Actually only the B on e3 is
attacking the h6 pawn, while the rest are defending something.} 29. Bf4 Nd3 {
So black takes care to get rid off whites only "attacking" piece} 30. Rd2 Nxf4
(30... Qxa3 {Was a bit more accurate, since the bishop isnt going anywhere,
and h5 isnt available.} 31. h5 $4 (31. Kh2 Nxf4 32. gxf4 Qc5 $17) 31... g5 $19)
31. gxf4 Qxa3 32. h5 Re3 33. Qf2 Qc1+ 34. Kh2 Ra3 35. hxg6 fxg6 36. Qe2 Kh7 $1
$19 {Perhaps it is well known that an opposite colord bishop middle games, the
side with the initiative has a huge advantage.  Here it is black who has the
initative, and her bishop is the only one with prospects of getting active,
add a pawn to the mix, and black should be winning.   This last move prevents
any funny checks from ocurring, and prepares devastations.} 37. Qd1 Qc5 $1 38.
Rxd6 {What is this pawn compared to whites king?} (38. Rd5 Qf2 $1 $19) (38. Qe2
Qh5+ 39. Kg3 Bf6 $1 $19) (38. Rd3 Qh5+ 39. Bh3 Ra2+ 40. Rd2 Rxd2+ 41. Qxd2 Qxf3
$19) 38... Qh5+ 39. Kg3 g5 $1 {Powerfull play!  White is lost now.} 40. Bh3
gxf4+ 41. Kg2 Qg5+ $4 {Too soon!  Black lets a big part of her advantage slip}
(41... Ra2+ 42. Rd2 Qg5+ $19 {Was the correct move order, since now after Bg4
there is no Rd5 resource.}) 42. Bg4 Ra5 {Preparing h5, but it is too meek. 
Whites tempo counts bigtime.} (42... h5 43. Rd5 Be5 44. Rd7+ Kh6 45. Rd6+ $1 {
Probably black missed this at a start} Bf6 $1 (45... Bxd6 46. Qxd6+ Kh7 47.
Qxa3 hxg4 48. fxg4 Qxg4+ 49. Kf2 $15 {Shouldn't really be winnable.}) 46. Rd5
Ra2+ 47. Kf1 Ra1 48. Qxa1 Bxa1 49. Rxg5 Kxg5 $15 {This should also be drawn,
though it looks rather scary for white.}) 43. e5 $1 {Polgar takes her chance
at recovering.} Ra8 44. Qd3+ Kh8 45. Qf5 Qh4 {Black doesn't want to exchange
queens, but her advantage isn't as big anymore.} 46. Qxf4 Ra2+ $6 (46... Ra1 $1
{Was still good.} 47. Qe3 $8 b5 $15) 47. Rd2 Rxd2+ 48. Qxd2 Bxe5 49. Qd5 {Now
a draw is rather evident, blacks king is too weak and will get perpetualed.}
Qe7 50. Qe6 {Or an exchange of queens will take place, which is dead drawn
since blacks h pawn cannot queen with the aid of a dark squared bishop.} Qxe6
51. Bxe6 Kg7 {A very nice game by the young talent, watch out in a few years
for her when she tunes up her precision!} 1/2-1/2

[Event "USA-chT Amateur East"]
[Site "Parsippany"]
[Date "2005.03.20"]
[Round "4"]
[White "Panken, Richard"]
[Black "Polgar, Zsuzsa"]
[Result "0-1"]
[WhiteElo "2125"]
[BlackElo "2577"]
[PlyCount "84"]
[EventDate "2005.03.19"]
[EventType "team"]
[EventRounds "6"]
[EventCountry "USA"]
[Source "ChessBase"]
[SourceDate "2005.05.01"]

1. e4 c5 2. Nf3 Nc6 3. d4 cxd4 4. Nxd4 g6 5. c4 Bg7 6. Be3 Nf6 7. Nc3 O-O 8.
Be2 b6 9. Nxc6 dxc6 10. Qxd8 Rxd8 11. Rc1 Ng4 12. Bf4 Ne5 13. O-O Be6 14. Bxe5
Bxe5 15. Rfd1 Kg7 16. Rxd8 Rxd8 17. Rd1 Rxd1+ 18. Nxd1 Kf6 19. b3 Bd6 20. f3
Ke5 21. Kf2 Kd4 22. g3 f5 23. e5 Bxe5 24. f4 Bd6 25. Bf1 a5 26. Ke2 a4 27. Bg2
Bd7 28. Kd2 Bb4+ 29. Kc2 axb3+ 30. axb3 Be1 31. Bf3 Be8 32. Bg2 h5 33. Nb2 Bf2
34. Nd1 Bg1 35. h3 Bh2 36. Nc3 Bxg3 37. Ne2+ Ke3 38. Nxg3 Kf2 39. Nxf5 gxf5 40.
Bh1 Kg3 41. Kd3 Kxf4 42. Bg2 e5 0-1